|
|
|
|
| LEADER |
02949nam a2200373 a 4500 |
| 001 |
18146 |
| 003 |
BD-DhAAL |
| 008 |
090504s2006 paua b 001 0 eng d |
| 010 |
|
|
|a \\2005031128
|
| 020 |
|
|
|a 0781741513 (alk. paper)
|
| 020 |
|
|
|a 9780781741514
|
| 040 |
|
|
|a DNLM/DLC
|c DLC
|d NLM
|d C#P
|d BAKER
|d DLC
|d BD-DhAAL
|
| 082 |
0 |
0 |
|a 616.0757
|2 22
|
| 100 |
1 |
|
|a Hall, Eric J.
|9 41824
|
| 245 |
1 |
0 |
|a Radiobiology for the radiologist /
|c Eric J. Hall, Amato J. Giaccia.
|
| 250 |
|
|
|a Sixth edition.
|
| 260 |
|
|
|a Philadelphia :
|b Lippincott Williams & Wilkins,
|c c2006.
|
| 300 |
|
|
|a ix, 546 pages :
|b illustrations ;
|c 26 cm
|
| 504 |
|
|
|a Includes bibliographical references and index.
|
| 505 |
0 |
|
|a Physics and chemistry of radiation absorption -- DNA strand breaks and chromosomal aberrations -- Cell survival curves -- Radiosensitivity and cell age in the mitotic cycle -- Repair of radiation damage and the dose-rate effect -- Oxygen effect and reoxygenation -- Linear energy transfer and relative biologic effectiveness -- Acute effects of total-body irradiation -- Radioprotectors -- Radiation carcinogenesis -- Hereditary effects of radiation -- Effects of radiation on the embryo and fetus -- Radiation cataractogenesis -- Doses and risks in diagnostic radiology, interventional radiology and cardiology, and nuclear medicine -- Radiation protection -- Molecular techniques in radiobiology -- Cancer biology -- Dose-response relationships for model normal tissues -- Clinical response of normal tissues -- Model tumor systems -- Cell, tissue, and tumor kinetics -- Time, dose, and fractionation in radiotherapy -- Predictive assays -- Alternative radiation modalities -- Radiosensitizers and bioreductive drugs -- Gene therapy -- Chemotherapeutic agents from the perspective of the radiation biologist -- Hyperthermia.
|
| 526 |
|
|
|a MNS
|x Mahabobe Shobahani
Faculty Member of BRAC University
Course Name : Physics of Radiology (PHY 409)
|
| 541 |
1 |
|
|e 18146, 18147
|a D. S. Books International
|
| 650 |
|
0 |
|a Radiology, Medical.
|9 41825
|
| 650 |
|
0 |
|a Radiobiology.
|9 41826
|
| 650 |
|
0 |
|a Medical physics.
|9 41827
|
| 650 |
1 |
2 |
|a Radiation Effects.
|9 41828
|
| 650 |
2 |
2 |
|a Radiobiology.
|9 41826
|
| 650 |
2 |
2 |
|a Radiotherapy.
|9 41829
|
| 700 |
1 |
|
|a Giaccia, Amato J.
|9 41830
|
| 852 |
4 |
|
|a Ayesha Abed Library
|c General Stacks
|
| 942 |
|
|
|2 ddc
|c BK
|
| 999 |
|
|
|c 370
|d 370
|
| 952 |
|
|
|0 0
|1 0
|2 ddc
|4 0
|6 616_075700000000000_HAL_2006
|7 0
|9 336
|a BRACUL
|b BRACUL
|c GEN
|d 2009-05-04
|e D. S. Books International
|l 4
|m 34
|o 616.0757 HAL
|p 3010018147
|r 2025-12-28
|s 2025-11-30
|t 2
|w 2009-05-04
|y BK
|x Requisitioned by Mahabobe Shobahani for the course named- "Physics of Radiology (PHY 409)" ; USD 115.00
|
| 952 |
|
|
|0 0
|1 0
|2 ddc
|4 0
|6 616_075700000000000_HAL_2006
|7 0
|9 10563
|a BRACUL
|b BRACUL
|c GEN
|d 2010-05-30
|e D. S. Books International
|l 0
|o 616.0757 HAL
|p 3010018146
|r 2010-05-30
|t 1
|w 2010-05-30
|y BK
|x Requisitioned by Mahabobe Shobahani for the course named- "Physics of Radiology (PHY 409)" ; USD 115.00
|